BIBLIOTHÈQUE DE LA MAISON DU MEXIQUE

Logo 1 Logo 2

Los olvidados (notice nᵒ 12692)

détails MARC
000 -Sello discográfico
campo de control de longitud fija 00963nam a2200289 4500
005 - Identificación de versión
campo de control 20260325141229.0
010 ## - Número Estándar Internacional de Libros (ISBN)
Número (ISBN) 968-5953-01-5
099 ## - fechas locales
Tipo de ítem Koha LIBRO
100 ## - Datos de procesamiento general
Datos de procesamiento general 20260316d2004 u||y0spay50 ba
101 ## - Idioma del recurso
Idioma del texto, banda sonora, etc. Español; Castellano
105 ## - Campo de datos codificados: Material textual, monográfico
Datos codificados de monografía a 001zy
200 ## - Título y mención de responsabilidad
Título propio Los olvidados
Designación general del material texto impreso
Otra información del título una película de Luis Buñuel
Primer mención de responsabilidad Agustín Sánchez Vidal, Gabriel Figueroa Flores, Rafael Aviña, ... [et al.]
205 ## - Declaración de edición
Declaración de edición 1a ed
210 ## - Publicación, distribución, etc.
Lugar de publicación, distribución, etc. México
Nombre del editor, distribuidor, etc. Fundación Televisa
Fecha de publicación, distribución, etc. 2004
215 ## - Descripción física
Designación de material específico y extensión del ítem 329 p
Otras características físicas il., fot.
Dimensiones 34 cm
Material acompañante CD-Rom
300 ## - Notas generales
Texto de la nota Solicitar el CD-Rom a la bibliotecaria
345 ## - Nota de información de adquisición
Fuente de adquisición/dirección de la suscripción [OBSOLETO] Donación
600 ## - Nombre personal usado como materia
Elemento de entrada Buñuel
Parte del nombre distinta del elemento de entrada Luis
Fechas 1900-1983
Subdivisión temática Los olvidados (Película)
Número Koha 19538
660 ## - Código de área geográfica
Código MX
700 ## - Nombre personal - Responsabilidad primaria
Elemento de entrada Sánchez Vidal
Parte del nombre distinta del elemento de entrada Agustín
Fechas 1948-
Número Koha 8363
701 ## - Nombre personal - Responsabilidad alternativa
Elemento de entrada Figueroa Flores
Parte del nombre distinta del elemento de entrada Gabriel
Fechas 1952-
Número Koha 1244
701 ## - Nombre personal - Responsabilidad alternativa
Elemento de entrada Aviña
Parte del nombre distinta del elemento de entrada Rafael
Número Koha 18821
801 ## - Fuente de origen
País FR
Agencia cm
Reglas de catalogación (convenciones descriptivas) AFNOR
942 ## - ELEMENTOS DE ENTRADA SECUNDARIOS (KOHA)
Tipo de ítem Koha Livre
Exemplaires
Estatus retirado Estado de daño Estado de pérdida Fuente de la clasificación o esquema de estantería Fecha de adquisición Biblioteca de origen Biblioteca actual Código de barras Precio de reemplazo Signatura topográfica completa No para préstamo Tipo de ítem Koha Nota no pública
      Clasificación Decimal Dewey 16/03/2026 Casa México Paris Casa México Paris 011385 16/03/2026 F791.43 B942ol No se presta a domicilio Livre 751145101